| 000 | 00626cab a2200229 4500 | ||
|---|---|---|---|
| 001 | ABS43631 | ||
| 008 | 090401t1990 xxu||||| |||| 00| 0 eng d | ||
| 035 | _a(Sirsi) u42647 | ||
| 041 | _aeng | ||
| 100 | _aHammett, M. | ||
| 245 | _aRepair and maintenance of brickwork | ||
| 260 | _c1990 | ||
| 350 | _a0 | ||
| 490 |
_aStructural Survey _v9 (2) Autumn 1990, 153-160(8) |
||
| 520 | _aDiscusses routine maintenance and repair of brickwork . | ||
| 650 | _aCLEANING | ||
| 650 | _aREPOINTING | ||
| 650 | _aWEATHERING | ||
| 690 | _aBUILDING AND CONSTRUCTION-REPAIRS AND MAINTENANCE | ||
| 942 | _n0 | ||
| 948 | _c04/03/1997 | ||
| 999 |
_c27293 _d27293 |
||